| 000 | 02452cam a2200301 4500500 | ||
|---|---|---|---|
| 005 | 20260111150245.0 | ||
| 041 | _afre | ||
| 042 | _adc | ||
| 100 | 1 | 0 |
_aSeraïdari, Katerina _eauthor |
| 245 | 0 | 0 | _aRestaurants grecs et turcs à Bruxelles. Concurrence ou émulation ? |
| 260 | _c2014. | ||
| 500 | _a73 | ||
| 520 | _aInscrits dans la culture ouvrière des quartiers populaires, les premiers restaurants grecs et turcs de Bruxelles ont fondé leur mode de présentation sur une notion d’authenticité qui peut parfois glisser vers la folklorisation. Cet article étudie leurs transformations contemporaines car à ces espaces commerciaux, qui ont contribué à faire évoluer le goût de leurs clients, ont succédé des établissements qui s’orientent vers des choix et des discours plus sophistiqués et qui jouent un rôle dans la construction de la stratification sociale. | ||
| 520 | _aGreek and Turkish Restaurants in Brussels. Competition or emulation?Being inscribed in the working‑class neighbourhoods of Brussels and their culture, the first Greek and Turkish restaurants used the argument of authenticity to attract their clients, sometimes slipping into folklorization. This paper studies their evolution as these commercial places, which contributed to develop the taste of their clientele, were followed by establishments characterized by more elaborated menus and discourses, that play an important role in the construction of social stratification. | ||
| 520 | _aDie ersten griechischen und türkischen Restaurants, die heute fester Bestandteil der Brüsseler Arbeiterviertel sind, versuchten lange durch ein fast schon folkloristisches Auftreten authentisch zu sein. Der Artikel beschäftigt sich mit den aktuellen Veränderungen der Viertel, die dazu geführt haben, dass sich der Geschmack der Kunden verändert und Restaurants sich heute einer nobleren Klientel zuwenden und so nicht selten zur sozialen Spaltung beitragen. | ||
| 690 | _acommerce ethniques | ||
| 690 | _aespace urbain | ||
| 690 | _afolklorisation | ||
| 690 | _aimmigration | ||
| 690 | _arestaurant | ||
| 690 | _aethnic business | ||
| 690 | _afolklorization | ||
| 690 | _aimmigration | ||
| 690 | _arestaurant | ||
| 690 | _aurban space | ||
| 786 | 0 | _nEthnologie française | 44 | 1 | 2014-02-01 | p. 115-124 | 0046-2616 | |
| 856 | 4 | 1 | _uhttps://shs.cairn.info/revue-ethnologie-francaise-2014-1-page-115?lang=fr&redirect-ssocas=7080 |
| 999 |
_c1637320 _d1637320 |
||